000 00218nam a22000857a 4500
008 160705b xxu||||| |||| 00| 0 eng d
100 _92265
_a Kleiser, G
245 _aDictionary of Proverbs
260 _aDelhi
_b A.P.H.
_c2005
999 _c1948
_d1948